|
|
|
|
| LEADER |
00000csc a2200000 a 4500 |
| 001 |
100894 |
| 003 |
Ucuenca |
| 005 |
20230308230352.0 |
| 008 |
981090|1981 |xxu||||r|||||||||||sspa| |
| 040 |
|
|
|b spa
|
| 041 |
0 |
|
|a es
|
| 082 |
0 |
|
|a 616.86.05
|
| 100 |
1 |
|
|a Kleber, H. D.
|9 231536
|
| 245 |
|
3 |
|a El uso de clonidina en la detoxificación de opiáceos
|c Klever H. D., M. S. Gold y C. E. Riordán
|h imp
|
| 264 |
|
|
|a Nueva York
|b Naciones Unidas
|c 1981
|
| 300 |
|
|
|a páginas: 1/12
|
| 362 |
|
|
|a xxxii; 2
|
| 490 |
|
|
|a División de Estupefacientes
|n vol. XXXII
|
| 504 |
|
|
|a incl. ref.
|
| 520 |
3 |
|
|a Del empleo del clorhidrato de clonidina en la detoxificación de opiáceos se desprende que esta sustancia puede eliminar rápidamente los signos y los síntomas asociados con la supresión de los opiáceos.
|
| 650 |
|
0 |
|9 2586
|a Estupefacientes
|
| 700 |
1 |
|
|9 231537
|a Gold, M.S.
|
| 700 |
1 |
|
|9 231538
|a Riordán, C.E.
|
| 852 |
|
|
|a UC-CDJBV
|f Canje
|l 1
|m Limitada
|p 19810900
|q 10.000
|r 2
|t 100894
|b 1
|d CDRC
|e CDRC
|g 616.86.05
|z 1981-10-90
|
| 942 |
|
|
|c CR
|2 ddc
|r ivan.verdugo@ucuenca.edu.ec
|
| 773 |
0 |
|
|0 120129
|9 95839
|a Naciones Unidas
|d Nueva York Naciones Unidas 1981
|o 100894
|t Boletín de estupefacientes
|w (Ucuenca)100894
|
| 999 |
|
|
|c 156324
|d 156324
|